| 000 | 00926nas a2200253Ia 4500 | ||
|---|---|---|---|
| 001 | R020/85480 | ||
| 003 | IT-RoPAU | ||
| 008 | 151124c99999999xx |||||||||||| ||und|| | ||
| 040 | _aIT-RoPAU | ||
| 040 | _cIT-RoPAU | ||
| 041 | _aITALIANO | ||
| 100 |
_aKaufman J.B. _gCodice Aut. SPICS: 23880 |
||
| 210 | _aGRIFFITHIANA | ||
| 222 | _aGriffithiana | ||
| 245 |
_aGRIFFITHIANA, ANNO 12-N.35/36 (OTTOBRE 1989) _bUnpardonable Sin (The): un Film Non Commerciabile |
||
| 250 | _a1a ed. | ||
| 260 |
_aGEMONA (UDINE) _bCINETECA DEL FRIULI _c1989 |
||
| 501 |
_bPaulus - SPICS - Società San Paolo EM (non-commercial uses only) _cCopyright2015 |
||
| 300 | _a5 p. [151-155] | ||
| 362 | _aANNO 012, N.35/36 (OTTOBRE 1989) | ||
| 500 | _aNote Sul Film di Marshall Neilan Sulla Brutalità dei Soldati Tedeschi Neiconfronti di Vittime Innocenti. Testo Inglese a Seguire. | ||
| 650 |
_aCINEMA _vPUBBLICAZIONE PERIODICA |
||
| 942 | _cCR | ||
| 999 |
_c131364 _d131364 |
||